书目信息 |
| 题名: |
中国风水与环境艺术
|
|
| 作者: | 杨晓阳 , 刘晨晨 编著 | |
| 分册: | ||
| 出版信息: | 北京 北京工艺美术出版社 2015 |
|
| 页数: | 262页 | |
| 开本: | 24cm | |
| 丛书名: | ||
| 单 册: | ||
| 中图分类: | TU-856 | |
| 科图分类: | ||
| 主题词: | 风水--关系--环境设计--研究--中国 | |
| 电子资源: | ||
| ISBN: | 978-7-5140-0563-9 | |
| 000 | 00886nam0 2200241 450 | |
| 001 | 3200 | |
| 005 | 20161208111656.25 | |
| 010 | @a978-7-5140-0563-9@dCNY55.00 | |
| 100 | @a20150623d2015 em y0chiy50 ea | |
| 101 | 0 | @achi |
| 102 | @aCN@b110000 | |
| 105 | @aa z 00yy | |
| 200 | 1 | @a中国风水与环境艺术@9zhong guo feng shui yu huan jing yi shu@f杨晓阳,刘晨晨编著 |
| 210 | @a北京@c北京工艺美术出版社@d2015 | |
| 215 | @a262页@c图@d24cm | |
| 300 | @a国家社会科学基金艺术学项目:中国传统文化中的环境美学 | |
| 330 | @a本书介绍了关于风水与环境艺术的思考、风水源起、风水与环境艺术营建、环境艺术建构等内容。 | |
| 606 | 0 | @a风水@x关系@x环境设计@x研究@y中国 |
| 690 | @aTU-856@v5 | |
| 701 | 0 | @a杨晓阳@9yang xiao yang@f(1958.12~)@4编著 |
| 701 | 0 | @a刘晨晨@9liu chen chen@c(女,@c(满)@f1977~)@4编著 |
| 801 | 0 | @aCN@b大连网信软件有限公司图书馆·11@c20161208 |
| 905 | @aZUCC@dTU-856@e136 | |
| 中国风水与环境艺术/杨晓阳,刘晨晨编著.-北京:北京工艺美术出版社,2015 |
| 262页:图;24cm |
| 国家社会科学基金艺术学项目:中国传统文化中的环境美学 |
| ISBN 978-7-5140-0563-9:CNY55.00 |
| 本书介绍了关于风水与环境艺术的思考、风水源起、风水与环境艺术营建、环境艺术建构等内容。 |
| ● |
| 相关链接 |
|
|
|
|
正题名:中国风水与环境艺术
索取号:TU-856/136
 
预约/预借
| 序号 | 登录号 | 条形码 | 馆藏地/架位号 | 状态 | 备注 |
| 1 | 912706 | 209127069 | 第二样本阅览室/ [索取号:TU-856/136] | 在馆 | |
| 2 | 912707 | 209127078 | 第三借阅区/ [索取号:TU-856/136] | 在馆 | |
| 3 | 912708 | 209127087 | 密集书库-生命科学系/ [索取号:TU-856/136] | 在馆 |